Rachunek porównawczy kosztów obslugi zobowiazan wobec zagranicy.

Nominálna a reálna úroková miera zahraničných úverov. Podmienky splatnosti kapitálových splátok. Náklady na emisiu cenných papierov. Prístup k medzinárodným úverom finančných inštitúcií a bánk pre rozvoj. Vplyv splácania dlhu a úrokov na platobnú bilanciu zadlženej krajiny. Prílev priamych zahraničn...

Descrizione completa

Salvato in:
Dettagli Bibliografici
Autore principale: Rutkowski, J.
Natura: Capitolo di libro
Lingua:polacco
Soggetti:
Tags: Aggiungi Tag
Nessun Tag, puoi essere il primo ad aggiungerne!!

MARC

LEADER 00000naa a2200000 4500
001 r007208
005 20221125122742.6
041 0 |a pol 
044 |a PL 
245 1 0 |a Rachunek porównawczy kosztów obslugi zobowiazan wobec zagranicy.  |c J. Rutkowski 
520 |a Nominálna a reálna úroková miera zahraničných úverov. Podmienky splatnosti kapitálových splátok. Náklady na emisiu cenných papierov. Prístup k medzinárodným úverom finančných inštitúcií a bánk pre rozvoj. Vplyv splácania dlhu a úrokov na platobnú bilanciu zadlženej krajiny. Prílev priamych zahraničných investícií a platobná bilancia hostiteľskej krajiny. Zásady rozdeľovania hrubého zisku zo zahraničných priamych investícií. Vplyv repatriácie zisku a kapitálu na platobnú bilanciu. 
610 2 0 |a úver zahraničný 
610 2 0 |a miera úroková 
610 2 0 |a papiere cenné 
610 2 0 |a banky medzinárodné 
610 2 0 |a investície zahraničné 
610 2 0 |a bilancia platobná 
610 2 0 |a zisk hrubý 
100 1 |a Rutkowski, J.